<?xml version="1.0" encoding="UTF-8"?>
<record
    xmlns:xsi="http://www.w3.org/2001/XMLSchema-instance"
    xsi:schemaLocation="http://www.loc.gov/MARC21/slim http://www.loc.gov/standards/marcxml/schema/MARC21slim.xsd"
    xmlns="http://www.loc.gov/MARC21/slim">

  <leader>00861nam a2200253 i 4500</leader>
  <controlfield tag="001">C2-0254608</controlfield>
  <controlfield tag="003">PPAK</controlfield>
  <controlfield tag="005">20180727222318.0</controlfield>
  <controlfield tag="008">040509s2003    caua|||| |||||  |   may d</controlfield>
  <datafield tag="040" ind1=" " ind2=" ">
    <subfield code="a">PPAK</subfield>
    <subfield code="b">eng</subfield>
    <subfield code="c">PPAK</subfield>
    <subfield code="e">rda</subfield>
  </datafield>
  <datafield tag="082" ind1="0" ind2="4">
    <subfield code="a">899.238</subfield>
    <subfield code="2">23</subfield>
  </datafield>
  <datafield tag="090" ind1="0" ind2="0">
    <subfield code="a">899.238</subfield>
    <subfield code="b">OSM</subfield>
    <subfield code="d">KK</subfield>
  </datafield>
  <datafield tag="090" ind1="0" ind2="0">
    <subfield code="a">899.238</subfield>
    <subfield code="b">OSM</subfield>
    <subfield code="d">KMI</subfield>
  </datafield>
  <datafield tag="100" ind1="0" ind2=" ">
    <subfield code="a">Osman Ayob, </subfield>
    <subfield code="e">author</subfield>
  </datafield>
  <datafield tag="245" ind1="1" ind2="0">
    <subfield code="a">Angkatan Sasterawan Nasional Kedah (ASASI) = </subfield>
    <subfield code="b">A research history, leadership and literary works</subfield>
  </datafield>
  <datafield tag="264" ind1=" " ind2="1">
    <subfield code="a">California : </subfield>
    <subfield code="b">Berkeley International University , </subfield>
    <subfield code="c">2003</subfield>
  </datafield>
  <datafield tag="300" ind1=" " ind2=" ">
    <subfield code="a">xii, 737 pages : </subfield>
    <subfield code="b">illustrations ; </subfield>
    <subfield code="c">30 cm</subfield>
  </datafield>
  <datafield tag="336" ind1=" " ind2=" ">
    <subfield code="2">rdacontent</subfield>
    <subfield code="a">text</subfield>
  </datafield>
  <datafield tag="337" ind1=" " ind2=" ">
    <subfield code="2">rdamedia</subfield>
    <subfield code="a">unmediated</subfield>
  </datafield>
  <datafield tag="338" ind1=" " ind2=" ">
    <subfield code="2">rdacarrier</subfield>
    <subfield code="a">volume</subfield>
  </datafield>
  <datafield tag="500" ind1=" " ind2=" ">
    <subfield code="a">tesis</subfield>
  </datafield>
  <datafield tag="650" ind1="1" ind2="0">
    <subfield code="a">Malay literature societies, etc. - Dissertations, Academic ; Angkatan Sasterawan Nasional Kedah (ASASI)</subfield>
  </datafield>
  <datafield tag="942" ind1=" " ind2=" ">
    <subfield code="d">dc</subfield>
    <subfield code="c">B</subfield>
  </datafield>
  <datafield tag="999" ind1=" " ind2=" ">
    <subfield code="c">67282</subfield>
    <subfield code="d">67282</subfield>
  </datafield>
  <datafield tag="952" ind1=" " ind2=" ">
    <subfield code="0">0</subfield>
    <subfield code="7">1</subfield>
    <subfield code="b">PPAK</subfield>
    <subfield code="c">KK</subfield>
    <subfield code="d">2004-05-09</subfield>
    <subfield code="o">KK 899.238 OSM</subfield>
    <subfield code="p">A00157293</subfield>
    <subfield code="r">2018-05-08 00:00:00</subfield>
    <subfield code="y">T</subfield>
  </datafield>
  <datafield tag="952" ind1=" " ind2=" ">
    <subfield code="0">0</subfield>
    <subfield code="7">1</subfield>
    <subfield code="b">PPAK</subfield>
    <subfield code="c">KMI</subfield>
    <subfield code="d">2011-08-25</subfield>
    <subfield code="o">KMI 899.238 OSM</subfield>
    <subfield code="p">A00385735</subfield>
    <subfield code="r">2018-05-08 00:00:00</subfield>
    <subfield code="y">T</subfield>
  </datafield>
</record>
